| 000 | 00812cam a22003014a 4500 | ||
|---|---|---|---|
| 001 | 15187618 | ||
| 003 | OSt | ||
| 005 | 20140310183103.0 | ||
| 008 | 080221s2007 ph d 000 0 eng | ||
| 010 | _a 2008313222 | ||
| 020 | _a9789715845441 | ||
| 040 |
_aDLC _cDLC _dDLC |
||
| 042 | _alcode | ||
| 043 | _aa-ph--- | ||
| 050 | 0 | 0 |
_aKPM 26 _b.K45 2007 |
| 082 |
_aFIL 331 _b.K45 2007 |
||
| 100 | 1 | _aKhan, Ismael G. | |
| 245 | 1 | 0 |
_aEverybody's dictionary of Philippine law / _cIsmael G. Khan, Jr. |
| 260 |
_aQuezon City : _bC & E Pub., _c2007. |
||
| 300 |
_aix, 244 p. : _c22 cm. |
||
| 650 | 0 |
_aLaw _zPhilippines _vDictionaries. |
|
| 906 |
_a7 _bcbc _corigode _d2 _encip _f20 _gy-gencatlg |
||
| 942 |
_2lcc _cBK _kLOC |
||
| 999 |
_c18758 _d18758 |
||